Matemática: Prueba de conocimientos especificos
Guardado en:
| Autor principal: | |
|---|---|
| Formato: | Libro |
| Lenguaje: | español |
| Publicado: |
Santiago
Editorial Universitaria
1986
|
| Catálogo: | MANES: Resultados de Búsqueda del Catálogo |
| Clasificación de libros de texto: |
|
| Etiquetas: |
Agregar Etiqueta
Sin Etiquetas, Sea el primero en etiquetar este registro!
|
| Añadido a: | 2022-03-28 |
| Cambiado en: | 2025-04-25 |
MARC
| LEADER | 00000nam a22000007a 4500 | ||
|---|---|---|---|
| 005 | 20250425101529.0 | ||
| 008 | 220329b |||||||| |||| 00| 0 spa d | ||
| 040 | |a MGM | ||
| 100 | |9 41727 |a Rivero, Ricardo | ||
| 245 | |a Matemática: Prueba de conocimientos especificos | ||
| 260 | |a Santiago |b Editorial Universitaria |c 1986 | ||
| 300 | |a 15 p. |c 25,5 x 18 cm. | ||
| 561 | |5 cl-MGM |3 T 510.76 R621p 1986 P.C.E |a Chile. Museo Gabriela Mistral |k MANES | ||
| 690 | 0 | |a MATE | |
| 691 | |a SE | ||
| 942 | |2 ddc |c BK | ||
| 999 | |c 99539 |d 99539 | ||
| 999 | |c manes:99539 |d 99539 | ||